FIFA 07 Soundtrack - Statistics

General Stats
  • This quiz has been taken 7 times
  • The average score is 9 of 39
Answer Stats
Artist Song % Correct
Muse S{upermassive} {Black {Hole}
83%
Epik High F{ly}
67%
The Prototypes K{aleidoscope}
67%
Paul Oakenfold B{eautiful} {Goal}
50%
Tahiti 80 B{ig} {Day}
50%
Mobile N{ew} {York} {Minute}
50%
Boy Kill Boy C{ivil} {Sin}
33%
Young Love D{iscotech}
33%
Bitman & Roban G{et} {On} {The} {Floor}
33%
Mellowdrone O{h} {My}
33%
Bersuit Vergarabat O V{as} {A} {Misa}
33%
The Feeling S{ewn}
33%
Angélique Kidjo W{ele} {Wele}
33%
Blasted Mechanism B{lasted} {Empire}
17%
Nightmare of You D{ear} {Scene}, {I} {Wish} {I} {Were} {Deaf}
17%
Carlos Jean G{et} {Down}
17%
TIGARAH G{irl} {Fight}
17%
Morning Runner G{one} {Up} {In} {Flames}
17%
Us3 K{ick} {This}
17%
Outlandish K{om} {Igen}
17%
Malibu Stacy L{os} {Angeles}
17%
Persephone's Bees M{uzika} {Dlya} {Fil'ma} ({Music} {For} {Film})
17%
Trash Inc. P{unk} {Rock} {Chick}
17%
Surferosa R{oyal} {Uniform}
17%
Fertig Los! S{ie} {Ist} {In} {Mich} {Verliebt}
17%
Elefant U{h}-{Oh} {Hello}
17%
The Sheer U{nderstand}
17%
D.O.C.H.! W{as} {In} {Der} {Zeitung} {Steht}
17%
Shiny Toy Guns Y{ou} {Are} {The} {One}
17%
The Young Punx Y{ou}'{ve} {Got} {To} …
17%
Infadels (Mekon Remix) C{an't} {Get} {Enough}
0%
Belasco C{hloroform}
0%
Ralph Myerz and the Jack Herren Band D{eepest} {Red}
0%
Stijn G{asoline} {And} {Matches}
0%
caBas L{a} {Cadena} {De} {Oro}
0%
Plastilina Mosh P{eligroso} {Pop}
0%
Polysics T{ei!} {Tei!} {Tei!}
0%
Seu Jorge T{ive} {Razāo}
0%
The Pinker Tones T{MCR} {Grand} {Finale}
0%
No matching quizzes found
Score Distribution
Percent of People with Each Score
Percentile by Number Answered
Your Score History
You have not taken this quiz